000
00220 a2200097 4500
001
30402
100
_a
Shakespeare
245
_a
King Richard the second
260
_a
London
_b
Ginn and Company
_c
090
_c
20354
_d
20354
942
_a
NUST-CAE
_c
M
_c
11508
999
_c
265475
_d
265475